| 000 | 01718nam a22001577a 4500 | ||
|---|---|---|---|
| 041 | _aukr | ||
| 080 | _a09 | ||
| 090 | _bДАВ | ||
| 100 | _aДавиденко В.В. | ||
| 245 | _aДистанційне навчання та його системи у вищих навчальних закладах | ||
| 260 |
_aОстрог _bКАФ _c2010 |
||
| 300 | _a47 | ||
| 520 |
_aВСТУП
РОЗДІЛ 1 ДИСТАНЦІЙНЕ НАВЧАННЯ ЯК НОВІТНЯ ПЕДАГОГІЧНА ТЕХНОЛОГІЯ
1.1 Поняття, технології та особливості дистанційної освіти.
1.2 Переваги та недоліки застосування дистанційного навчання.
РОЗДІЛ 2 РОЗВИТОК ДИСТАНЦІЙНОЇ ОСВІТИ: СВІТОВИЙ ДОСВІД ТА ІНТЕГРАЦІЯ СИСТЕМИ ДИСТАНЦІЙНОЇ ОСВІТИ УКРАЇНИ У СВІТОВУ СИСТЕМУ
2.1 Покоління моделей дистанційного навчання.
2.2 Тенденції розвитку дистанційного навчання у вищій школі.
2.3 Становлення дистанційної освіти України та нормативно правова база.
РОЗДІЛ 3 ВІРТУАЛЬНЕ НАВЧАЛЬНЕ СЕРЕДОВИЩЕ І ПРОГРАМНЕ ЗАБЕЗПЕЧЕННЯ
3.1 Системи оболонки для дистанційної освіти.
3.2 Аналіз систем керування навчанням ILIAS та MOODLE.
ВИСНОВКИ _0дистанційне навчання,віртуальне навчання |
||
| 650 | _aResearch Papers | ||
| 999 |
_c284226 _d284226 |
||
| 942 | _cBK | ||